[Event "Wichern op"]
[Site "Hamburg GER"]
[Date "1999.10.19"]
[Round "6.16"]
[White "Jirovsky, Petr"]
[Black "Tyomkin, Dimitri"]
[Result "1/2-1/2"]
[WhiteElo "2351"]
[BlackElo "2495"]
[PlyCount "112"]
[GameId "2129405160431965"]
[EventDate "1999.10.15"]
[EventType "swiss"]
[EventRounds "9"]
[EventCountry "GER"]
[SourceTitle "EXT 2001"]
[Source "ChessBase"]
[SourceDate "2000.11.22"]
[SourceVersion "1"]
[SourceVersionDate "2000.11.22"]
[SourceQuality "1"]

1. e4 c5 2. Nf3 d6 3. d4 cxd4 4. Nxd4 Nf6 5. Nc3 Nc6 6. Be3 e5 7. Nb3 Be6 8. Be2 a5 9. Nd5 Bxd5 10. exd5 Nb8 11. c4 a4 12. Nd2 Be7 13. O-O O-O 14. b4 Nfd7 15. Rc1 f5 16. f3 Bg5 17. Bxg5 Qxg5 18. f4 exf4 19. c5 Ne5 20. c6 bxc6 21. dxc6 Nbxc6 22. Bf3 Qd8 23. Bxc6 Qb6+ 24. Kh1 Nxc6 25. Rxf4 d5 26. Nf3 Rad8 27. Rh4 Rfe8 28. Qxa4 Ne5 29. Nxe5 Rxe5 30. Rf4 Qe3 31. Rff1 d4 32. Qb3+ Qxb3 33. axb3 d3 34. Kg1 Re4 35. Rxf5 Rxb4 36. Rd1 Rxb3 37. Rd2 Rb6 38. Kf2 g6 39. Rf3 Rbd6 40. h3 Kg7 41. Kg3 h6 42. Kh2 Rd4 43. g4 R8d5 44. Kg3 h5 45. gxh5 g5 46. Re3 Kh6 47. Rf3 Kxh5 48. Re3 Rd6 49. Rf3 Kg6 50. Re3 Rd7 51. Rf3 R7d5 52. Re3 g4 53. hxg4 Kg5 54. Re8 Rxg4+ 55. Kf3 Rh4 56. Rf8 Rf5+ 1/2-1/2

[Event "Wichern op"]
[Site "Hamburg GER"]
[Date "1999.10.20"]
[Round "7.18"]
[White "Tyomkin, Dimitri"]
[Black "Simacek, Pavel"]
[Result "1/2-1/2"]
[WhiteElo "2495"]
[BlackElo "2346"]
[PlyCount "39"]
[GameId "2129405160432113"]
[EventDate "1999.10.15"]
[EventType "swiss"]
[EventRounds "9"]
[EventCountry "GER"]
[SourceTitle "EXT 2001"]
[Source "ChessBase"]
[SourceDate "2000.11.22"]
[SourceVersion "1"]
[SourceVersionDate "2000.11.22"]
[SourceQuality "1"]

1. d4 Nf6 2. Nf3 c5 3. c3 b6 4. Bg5 e6 5. e4 h6 6. Bxf6 Qxf6 7. Bd3 Nc6 8. e5 Qd8 9. O-O Be7 10. Nbd2 cxd4 11. cxd4 d5 12. exd6 Qxd6 13. Rc1 Bb7 14. Ne4 Qd5 15. Nc3 Qd8 16. Be4 O-O 17. d5 exd5 18. Nxd5 Bc5 19. Re1 Re8 20. a3 1/2-1/2

[Event "Wichern op"]
[Site "Hamburg GER"]
[Date "1999.10.21"]
[Round "8.19"]
[White "Froehlich, Peter"]
[Black "Tyomkin, Dimitri"]
[Result "0-1"]
[WhiteElo "2314"]
[BlackElo "2495"]
[PlyCount "80"]
[GameId "2129405160432262"]
[EventDate "1999.10.15"]
[EventType "swiss"]
[EventRounds "9"]
[EventCountry "GER"]
[SourceTitle "EXT 2001"]
[Source "ChessBase"]
[SourceDate "2000.11.22"]
[SourceVersion "1"]
[SourceVersionDate "2000.11.22"]
[SourceQuality "1"]

1. Nf3 d5 2. d4 c6 3. c4 Nf6 4. e3 Bg4 5. h3 Bh5 6. Nc3 e6 7. g4 Bg6 8. Ne5 Nfd7 9. Nxg6 hxg6 10. Qb3 Qb6 11. e4 dxe4 12. Qxb6 axb6 13. Nxe4 Bb4+ 14. Ke2 Nf6 15. Nxf6+ gxf6 16. Bg2 Nd7 17. Be3 Bd6 18. Rhd1 Ke7 19. Rd3 Ra4 20. Rc3 f5 21. a3 f4 22. Bd2 Bb4 23. Rc2 Bxd2 24. Kxd2 Raa8 25. Kc3 f3 26. Bf1 f5 27. Re1 Nf6 28. Bd3 Kf7 29. g5 Nd7 30. Bf1 Rh5 31. Re3 Rxg5 32. Rxf3 Nf6 33. Bd3 Rh8 34. Re2 Rgh5 35. Ree3 Rh4 36. b4 Rd8 37. Re5 Rhxd4 38. Bc2 Rh4 39. Rfe3 Re8 40. a4 Nd7 0-1

[Event "ISR-ch op"]
[Site "Tel Aviv ISR"]
[Date "1999.04.06"]
[Round "7"]
[White "Tyomkin, Dimitri"]
[Black "Huzman, Alexander"]
[Result "0-1"]
[WhiteElo "2504"]
[BlackElo "2575"]
[PlyCount "112"]
[GameId "2129405162731933"]
[EventDate "1999.03.28"]
[EventType "swiss"]
[EventRounds "9"]
[EventCountry "ISR"]
[SourceTitle "CBM 071"]
[Source "ChessBase"]
[SourceDate "1999.08.01"]
[SourceVersion "1"]
[SourceVersionDate "1999.08.01"]
[SourceQuality "1"]

1. d4 Nf6 2. Nf3 g6 3. Bg5 Bg7 4. Nbd2 O-O 5. c3 d5 6. e3 Nbd7 7. Be2 Re8 8. O-O e5 9. b4 c6 10. c4 e4 11. Ne1 Nf8 12. cxd5 cxd5 13. Bf4 Ne6 14. Be5 Re7 15. Qb3 Ne8 16. Bxg7 Kxg7 17. Nc2 f5 18. b5 Nf6 19. Nb4 Qd6 20. Rfc1 f4 21. Rc2 Bd7 22. a4 Rf8 23. Bd1 Ref7 24. Rac1 h5 25. Rc5 Nxc5 26. dxc5 Qe5 27. exf4 Qxf4 28. Qc3 Kh7 29. g3 Qf5 30. Qd4 Qh3 31. Nf1 Bg4 32. Ne3 Bf3 33. Bxf3 exf3 34. Qh4 Qxh4 35. gxh4 d4 36. Nc4 Ne4 37. Nd3 Nc3 38. Re1 Nxa4 39. Ra1 Nc3 40. Nd6 b6 41. Nxf7 Rxf7 42. Ne5 Rc7 43. cxb6 axb6 44. Nxf3 d3 45. Kf1 Kg7 46. Ke1 Ne4 47. Rd1 Rc3 48. Ng5 Nc5 49. Ra1 Kf6 50. Ra7 Ke5 51. Re7+ Kd5 52. f4 Rc1+ 53. Kd2 Rc2+ 54. Kd1 Rf2 55. Re5+ Kc4 56. Ne4 Nxe4 0-1

[Event "ISR-Tch"]
[Site "Tel Aviv ISR"]
[Date "1999.01.15"]
[Round "1.4"]
[White "Uritzky, Maxim"]
[Black "Tyomkin, Dimitri"]
[Result "1/2-1/2"]
[WhiteElo "2409"]
[BlackElo "2503"]
[PlyCount "121"]
[GameId "2129405164375564"]
[EventDate "1999.??.??"]
[EventType "team"]
[EventRounds "11"]
[EventCountry "ISR"]
[SourceTitle "CBM 071"]
[Source "ChessBase"]
[SourceDate "1999.08.01"]
[SourceVersion "1"]
[SourceVersionDate "1999.08.01"]
[SourceQuality "1"]

1. e4 c5 2. Nc3 a6 3. a4 e6 4. g3 d5 5. exd5 exd5 6. Bg2 Nf6 7. d3 Be7 8. Bg5 Nbd7 9. d4 cxd4 10. Qxd4 O-O 11. Nge2 Bc5 12. Bxf6 Qxf6 13. Qxf6 Nxf6 14. Nxd5 Nxd5 15. Bxd5 Re8 16. Bf3 Bf5 17. O-O Bxc2 18. Bxb7 Ra7 19. Bf3 Bd3 20. Rfc1 Bxe2 21. Bxe2 Bb4 22. Rc2 a5 23. Rd1 Rae7 24. Kf1 g6 25. Rd3 Kg7 26. Bf3 Re1+ 27. Kg2 R1e5 28. b3 h5 29. h4 R8e7 30. Rc4 Ba3 31. Rd8 Re8 32. Rxe8 Rxe8 33. Rc6 Re7 34. Bd5 Bb4 35. Bc4 Be1 36. Rd6 Bb4 37. Rd5 Re1 38. Kf3 Re7 39. Kg2 Re1 40. f3 f5 41. Rb5 Re7 42. Rb6 Bc3 43. Ra6 Bb4 44. Ra8 Bc3 45. Rg8+ Kh7 46. Rd8 Bb4 47. Bd3 Kg7 48. Rd5 Bc3 49. g4 hxg4 50. fxg4 fxg4 51. Rg5 Kh6 52. Rxg4 Kh5 53. Rc4 Bb4 54. Bc2 Rd7 55. Kh3 Rd2 56. Rc8 Kh6 57. Be4 Re2 58. Re8 Re3+ 59. Kg2 Rxb3 60. Rg8 Kh5 61. Bf3+ 1/2-1/2

[Event "ISR-Tch"]
[Site "Tel Aviv ISR"]
[Date "1999.01.22"]
[Round "3.5"]
[White "Stepak, Yedael"]
[Black "Tyomkin, Dimitri"]
[Result "0-1"]
[WhiteElo "2301"]
[BlackElo "2503"]
[PlyCount "78"]
[GameId "2129405164375634"]
[EventDate "1999.??.??"]
[EventType "team"]
[EventRounds "11"]
[EventCountry "ISR"]
[SourceTitle "CBM 071"]
[Source "ChessBase"]
[SourceDate "1999.08.01"]
[SourceVersion "1"]
[SourceVersionDate "1999.08.01"]
[SourceQuality "1"]

1. d4 d5 2. c4 c6 3. Nf3 Nf6 4. Nc3 dxc4 5. a4 Bf5 6. e3 e6 7. Bxc4 Bb4 8. O-O O-O 9. Qe2 Bg6 10. Ne5 Nbd7 11. Nxg6 hxg6 12. f4 a5 13. Rf3 Nb6 14. Bb3 c5 15. Nb5 cxd4 16. exd4 Nbd5 17. Bd2 Bxd2 18. Qxd2 Qb6 19. Re1 Rac8 20. Rh3 Nc7 21. Re5 Rfd8 22. Rc3 Ncd5 23. Rh3 Nc7 24. Rc3 Nxb5 25. Rxb5 Qd6 26. Rd3 b6 27. Re5 Nd7 28. Rb5 Nc5 29. Rf3 Ne4 30. Qe3 Qxd4 31. Qxd4 Rxd4 32. Rxb6 Nd2 33. Rc3 Rxc3 34. Rb8+ Kh7 35. bxc3 Rxf4 36. g3 Rf1+ 37. Kg2 Rb1 38. c4 Rxb3 39. Ra8 Nxc4 0-1

[Event "MTO op"]
[Site "Biel SUI"]
[Date "1999.07.22"]
[Round "3"]
[White "Tyomkin, Dimitri"]
[Black "Sasikiran, Krishnan"]
[Result "1-0"]
[WhiteElo "2495"]
[BlackElo "2536"]
[PlyCount "69"]
[GameId "2129405164659571"]
[EventDate "1999.??.??"]
[EventType "swiss"]
[EventRounds "11"]
[EventCountry "SUI"]
[SourceTitle "EXT 2000"]
[Source "ChessBase"]
[SourceDate "1999.11.18"]
[SourceVersion "1"]
[SourceVersionDate "1999.11.18"]
[SourceQuality "1"]

1. d4 Nf6 2. c4 g6 3. Nc3 Bg7 4. e4 d6 5. h3 O-O 6. Bg5 Qe8 7. Bd3 e5 8. d5 Nh5 9. Nge2 f5 10. exf5 gxf5 11. g4 h6 12. Be3 Nf4 13. Bxf5 Bxf5 14. gxf5 Rxf5 15. Qc2 Ng2+ 16. Kd2 Nh4 17. Rag1 Rf7 18. Kc1 Nf5 19. Ng3 Nxe3 20. fxe3 Nd7 21. Nf5 Kh8 22. Nxg7 Rxg7 23. Rxg7 Kxg7 24. Rg1+ Kh8 25. Qf5 Rd8 26. Ne4 Qf8 27. Qg6 Re8 28. Ng5 Re7 29. Ne6 Qc8 30. Qxh6+ Rh7 31. Qg6 c6 32. Ng5 Qg8 33. Nxh7 Qxg6 34. Rxg6 Kxh7 35. Rxd6 1-0

[Event "MTO op"]
[Site "Biel SUI"]
[Date "1999.07.23"]
[Round "4"]
[White "Bagirov, Vladimir"]
[Black "Tyomkin, Dimitri"]
[Result "1/2-1/2"]
[WhiteElo "2471"]
[BlackElo "2495"]
[PlyCount "29"]
[GameId "2129405164659573"]
[EventDate "1999.??.??"]
[EventType "swiss"]
[EventRounds "11"]
[EventCountry "SUI"]
[SourceTitle "EXT 2000"]
[Source "ChessBase"]
[SourceDate "1999.11.18"]
[SourceVersion "1"]
[SourceVersionDate "1999.11.18"]
[SourceQuality "1"]

1. d4 d5 2. c4 c6 3. Nf3 e6 4. cxd5 exd5 5. Nc3 Bd6 6. Bg5 Ne7 7. e3 Qb6 8. Bxe7 Bxe7 9. Qc2 Be6 10. Bd3 h6 11. O-O Nd7 12. Rab1 O-O 13. b4 Rac8 14. a3 Qd8 15. Ne2 1/2-1/2

[Event "MTO op"]
[Site "Biel SUI"]
[Date "1999.07.25"]
[Round "6"]
[White "Koeller, Oliver"]
[Black "Tyomkin, Dimitri"]
[Result "0-1"]
[WhiteElo "2293"]
[BlackElo "2495"]
[PlyCount "94"]
[GameId "2129405164667816"]
[EventDate "1999.??.??"]
[EventType "swiss"]
[EventRounds "11"]
[EventCountry "SUI"]
[SourceTitle "EXT 2000"]
[Source "ChessBase"]
[SourceDate "1999.11.18"]
[SourceVersion "1"]
[SourceVersionDate "1999.11.18"]
[SourceQuality "1"]

1. e4 c5 2. Nf3 d6 3. d4 cxd4 4. Nxd4 Nf6 5. Nc3 Nc6 6. Bc4 Qb6 7. Nb3 e6 8. O-O a6 9. Qe2 Be7 10. a4 Qc7 11. a5 O-O 12. Be3 Nd7 13. Na4 Nxa5 14. Nxa5 b5 15. Bd3 bxa4 16. Rxa4 Nc5 17. Ra2 Bf6 18. b4 Nxd3 19. cxd3 Bd7 20. Rc1 Qb8 21. Nc4 Rc8 22. Rac2 Ba4 23. Nb6 Rxc2 24. Rxc2 Bxc2 25. Qxc2 Ra7 26. Nd5 Rb7 27. Nxf6+ gxf6 28. h4 Rxb4 29. Bh6 Rb1+ 30. Kh2 d5+ 31. f4 dxe4 32. dxe4 Kh8 33. Qc3 e5 34. h5 Rb6 35. Qg3 Qg8 36. Qh4 a5 37. fxe5 fxe5 38. Bg5 Qg7 39. Bd8 Ra6 40. Qh3 Ra8 41. Qh4 Ra6 42. Bxa5 Qf6 43. Qxf6+ Rxf6 44. Bc7 Re6 45. Kg3 Kg7 46. Kg4 f6 47. Kf5 Kf7 0-1

[Event "MTO op"]
[Site "Biel SUI"]
[Date "1999.07.28"]
[Round "9"]
[White "Raetsky, Alexander"]
[Black "Tyomkin, Dimitri"]
[Result "0-1"]
[WhiteElo "2408"]
[BlackElo "2495"]
[PlyCount "84"]
[GameId "2129405164667886"]
[EventDate "1999.??.??"]
[EventType "swiss"]
[EventRounds "11"]
[EventCountry "SUI"]
[SourceTitle "EXT 2000"]
[Source "ChessBase"]
[SourceDate "1999.11.18"]
[SourceVersion "1"]
[SourceVersionDate "1999.11.18"]
[SourceQuality "1"]

1. d4 Nf6 2. c4 c5 3. Nf3 cxd4 4. Nxd4 e5 5. Nb5 d5 6. cxd5 Bc5 7. N5c3 O-O 8. h3 Bf5 9. a3 Nbd7 10. e3 e4 11. b4 Bd6 12. Bb2 Ne5 13. Nd2 Rc8 14. Be2 Nd3+ 15. Bxd3 exd3 16. Rc1 Be5 17. Qb3 Bxc3 18. Rxc3 Rxc3 19. Bxc3 Qxd5 20. Qxd5 Nxd5 21. Nb1 Nb6 22. f3 Rc8 23. e4 Bd7 24. Kf2 Ba4 25. Rc1 Bc2 26. Bd4 Nc4 27. Bc5 b6 28. Be3 f6 29. Nd2 Nxa3 30. Ra1 Nb5 31. h4 h5 32. g4 hxg4 33. fxg4 Kf7 34. h5 Rc3 35. Kf3 Ra3 36. Rh1 Ra4 37. h6 gxh6 38. Rxh6 Rxb4 39. Kf4 Nc3 40. Rh7+ Kg6 41. Rxa7 Nxe4 42. Nxe4 Rxe4+ 0-1

[Event "Nice op"]
[Site "Nice FRA"]
[Date "1999.??.??"]
[Round "6"]
[White "Brochet, Philippe"]
[Black "Tyomkin, Dimitri"]
[Result "1-0"]
[WhiteElo "2349"]
[BlackElo "2495"]
[PlyCount "115"]
[GameId "2129405164892483"]
[EventDate "1999.??.??"]
[EventType "swiss"]
[EventRounds "7"]
[EventCountry "FRA"]
[SourceTitle "EXT 2001"]
[Source "ChessBase"]
[SourceDate "2000.11.22"]
[SourceVersion "1"]
[SourceVersionDate "2000.11.22"]
[SourceQuality "1"]

1. e4 c5 2. Nf3 Nc6 3. Bb5 g6 4. Bxc6 dxc6 5. O-O Bg7 6. d3 Nf6 7. Nc3 O-O 8. Be3 b6 9. h3 Ne8 10. Qd2 Nc7 11. Bh6 Ne6 12. Bxg7 Kxg7 13. Ne2 f6 14. c3 Ba6 15. Rfd1 Qc7 16. d4 Rad8 17. Qe3 Rd7 18. Rd2 Rfd8 19. Rad1 h6 20. e5 Bxe2 21. Qxe2 f5 22. dxc5 Rxd2 23. Rxd2 Rxd2 24. Qxd2 Nxc5 25. Qd4 Ne6 26. Qc4 Qd7 27. Nd4 Nxd4 28. cxd4 f4 29. b4 b5 30. Qc5 Kf7 31. Kh2 g5 32. f3 Ke6 33. a3 h5 34. Kh1 Kf7 35. Qc2 Kg7 36. Qe4 h4 37. Qc2 Qe6 38. Qc5 Qd7 39. e6 Qxe6 40. Qxg5+ Kf7 41. Qxf4+ Ke8 42. Qxh4 Qe3 43. Qe4 Qxa3 44. Qxc6+ Kf7 45. Qd5+ Kf6 46. Qe5+ Kf7 47. Qf5+ Kg7 48. Qc5 Kf7 49. Qf5+ Kg7 50. Qxb5 Qc1+ 51. Kh2 Qf4+ 52. Kg1 Qxd4+ 53. Kf1 Kf6 54. Qc6+ e6 55. Qe4 Qd2 56. h4 e5 57. h5 Kf7 58. Qxe5 1-0

[Event "ISR-ch"]
[Site "Ramat Aviv ISR"]
[Date "1998.11.08"]
[Round "1.1"]
[White "Kantarji, Pinchas"]
[Black "Tyomkin, Dimitri"]
[Result "0-1"]
[WhiteElo "2240"]
[BlackElo "2465"]
[PlyCount "46"]
[GameId "2129405166265971"]
[EventDate "1998.11.08"]
[EventType "k.o."]
[EventRounds "5"]
[EventCountry "ISR"]
[SourceTitle "CBM 68"]
[Source "ChessBase"]
[SourceDate "1999.02.01"]
[SourceVersion "1"]
[SourceVersionDate "1999.02.01"]
[SourceQuality "1"]

1. d4 d5 2. Nf3 c6 3. e3 Bg4 4. Be2 Nf6 5. O-O e6 6. b3 Nbd7 7. c4 Bd6 8. Ba3 Bxa3 9. Nxa3 O-O 10. h3 Bh5 11. Nd2 Bg6 12. b4 a5 13. b5 c5 14. cxd5 Nxd5 15. Bf3 Qe7 16. Bxd5 exd5 17. dxc5 Qxc5 18. Qb3 Qb4 19. Rad1 Nc5 20. Qxb4 axb4 21. Nab1 Bd3 22. Rfe1 Bc2 23. Rc1 Rxa2 0-1

[Event "ISR-ch"]
[Site "Ramat Aviv ISR"]
[Date "1998.11.08"]
[Round "1.2"]
[White "Tyomkin, Dimitri"]
[Black "Kantarji, Pinchas"]
[Result "0-1"]
[WhiteElo "2465"]
[BlackElo "2240"]
[PlyCount "49"]
[GameId "2129405166265995"]
[EventDate "1998.11.08"]
[EventType "k.o."]
[EventRounds "5"]
[EventCountry "ISR"]
[SourceTitle "CBM 68"]
[Source "ChessBase"]
[SourceDate "1999.02.01"]
[SourceVersion "1"]
[SourceVersionDate "1999.02.01"]
[SourceQuality "1"]

1. d4 d6 2. c4 Nd7 3. Nc3 e5 4. d5 g6 5. e4 Bg7 6. Bd3 Ne7 7. h4 Nc5 8. Bc2 f5 9. exf5 Nxf5 10. h5 Nd4 11. Bb1 Qf6 12. Be3 O-O 13. hxg6 Bf5 14. gxh7+ Kh8 15. Nge2 Qg6 16. Nxd4 exd4 17. Bxd4 Qxg2 18. Bxg7+ Qxg7 19. Bxf5 Rxf5 20. Kf1 Raf8 21. Rh2 Rg5 22. Ne2 Ne4 23. Qd3 Ng3+ 24. Ke1 Nxe2 25. Rd1 0-1

[Event "ISR-ch"]
[Site "Ramat Aviv ISR"]
[Date "1998.11.11"]
[Round "2.2"]
[White "Tyomkin, Dimitri"]
[Black "Greenfeld, Alonso"]
[Result "1/2-1/2"]
[WhiteElo "2465"]
[BlackElo "2535"]
[PlyCount "143"]
[GameId "2129405166266012"]
[EventDate "1998.11.08"]
[EventType "k.o."]
[EventRounds "5"]
[EventCountry "ISR"]
[SourceTitle "CBM 68"]
[Source "ChessBase"]
[SourceDate "1999.02.01"]
[SourceVersion "1"]
[SourceVersionDate "1999.02.01"]
[SourceQuality "1"]

1. d4 Nf6 2. Nf3 e6 3. Bg5 c5 4. e3 Qb6 5. Qc1 Ne4 6. Bf4 Be7 7. c3 g5 8. Be5 f6 9. Bxb8 Rxb8 10. Nfd2 Nxd2 11. Nxd2 d5 12. Be2 h5 13. Qc2 f5 14. O-O Bd7 15. Nf3 Bf6 16. Ne5 Bc6 17. b4 Bxe5 18. dxe5 cxb4 19. cxb4 Qxb4 20. Rab1 Qa4 21. Qc5 Kf7 22. Qd6 Rbe8 23. a3 g4 24. Rfc1 Re7 25. Bd3 Qa5 26. Bxf5 Qd8 27. Rxc6 bxc6 28. Bxe6+ Kg7 29. Qxc6 Rh6 30. Qxd5 Qxd5 31. Bxd5 Rxe5 32. Rb7+ Kf8 33. e4 Ra6 34. Rb3 Rb6 35. Rxb6 axb6 36. f3 Re7 37. Kf2 Ra7 38. fxg4 hxg4 39. Be6 Rxa3 40. Bxg4 Ra2+ 41. Ke3 Rxg2 42. h3 Rc2 43. Kd3 Rc1 44. Kd4 Ke7 45. e5 b5 46. Be2 b4 47. Bc4 Rc3 48. Bd3 Ra3 49. Kc4 Rc3+ 50. Kd4 Kd7 51. h4 Rc1 52. h5 Rh1 53. Kc4 Rh4+ 54. Kb3 Rh3 55. Kc4 Ke6 56. h6 b3 57. Kd4 b2 58. Bb1 Kf7 59. h7 Kg7 60. e6 Kf6 61. Kd5 Ke7 62. Ke5 Rh1 63. Bg6 Rh6 64. Bb1 Rh5+ 65. Kd4 Rh3 66. Ke5 Rh4 67. Bg6 Rh1 68. Bc2 Rh4 69. Bg6 Rh5+ 70. Kd4 Rh3 71. Ke5 Rh1 72. Bc2 1/2-1/2

[Event "ISR-ch"]
[Site "Ramat Aviv ISR"]
[Date "1998.11.12"]
[Round "3.1"]
[White "Tyomkin, Dimitri"]
[Black "Bykhovsky, Avigdor"]
[Result "1-0"]
[WhiteElo "2465"]
[BlackElo "2455"]
[PlyCount "73"]
[GameId "2129405166266017"]
[EventDate "1998.11.08"]
[EventType "k.o."]
[EventRounds "5"]
[EventCountry "ISR"]
[SourceTitle "CBM 68"]
[Source "ChessBase"]
[SourceDate "1999.02.01"]
[SourceVersion "1"]
[SourceVersionDate "1999.02.01"]
[SourceQuality "1"]

1. d4 d5 2. c4 c6 3. Nf3 Nf6 4. Nc3 dxc4 5. a4 Bf5 6. Ne5 Nbd7 7. Nxc4 Qc7 8. g3 e5 9. dxe5 Nxe5 10. Bf4 Nfd7 11. Bg2 f6 12. O-O Nc5 13. e4 Bg6 14. Qe2 Bf7 15. Nd2 Rd8 16. Be3 a5 17. f4 Ned3 18. e5 f5 19. g4 g6 20. Bh3 Be6 21. gxf5 gxf5 22. Nf3 Bh6 23. Nd4 O-O 24. Rad1 Qf7 25. Nxe6 Qxe6 26. Kh1 Kh8 27. Qh5 b6 28. Rf3 Qg6 29. Qh4 Rg8 30. Rg3 Qe6 31. Bxc5 Nf2+ 32. Bxf2 Rxd1+ 33. Nxd1 Qd5+ 34. Bg2 Qxd1+ 35. Bg1 Rxg3 36. hxg3 Bf8 37. Kh2 1-0

[Event "ISR-ch"]
[Site "Ramat Aviv ISR"]
[Date "1998.11.12"]
[Round "3.2"]
[White "Bykhovsky, Avigdor"]
[Black "Tyomkin, Dimitri"]
[Result "1/2-1/2"]
[WhiteElo "2455"]
[BlackElo "2465"]
[PlyCount "79"]
[GameId "2129405166266018"]
[EventDate "1998.11.08"]
[EventType "k.o."]
[EventRounds "5"]
[EventCountry "ISR"]
[SourceTitle "CBM 68"]
[Source "ChessBase"]
[SourceDate "1999.02.01"]
[SourceVersion "1"]
[SourceVersionDate "1999.02.01"]
[SourceQuality "1"]

1. d4 d5 2. c4 c6 3. Nf3 e6 4. Qc2 dxc4 5. Qxc4 b5 6. Qd3 a6 7. a4 Bb7 8. e4 Nd7 9. Nbd2 Ngf6 10. Be2 c5 11. axb5 axb5 12. Rxa8 Qxa8 13. Qxb5 Bc6 14. Qb3 Nxe4 15. Nxe4 Bxe4 16. O-O Bd6 17. dxc5 Nxc5 18. Qb6 Qb8 19. Qxb8+ Bxb8 20. Be3 Nd7 21. Nd2 Bd5 22. Bf3 Bxf3 23. Nxf3 Ke7 24. Rc1 e5 25. g4 Bd6 26. Nd2 Rb8 27. Rc6 Rb4 28. f3 Nb8 29. Rc2 Nd7 30. Ne4 Rb7 31. h4 Bc7 32. b4 Bd6 33. Bc5 Bxc5+ 34. bxc5 Rc7 35. Kf2 f6 36. h5 g6 37. h6 f5 38. Ng5 Nxc5 39. Ke2 Kf6 40. Nxh7+ 1/2-1/2

[Event "ISR-ch"]
[Site "Ramat Aviv ISR"]
[Date "1998.11.15"]
[Round "4.2"]
[White "Liss, Eran"]
[Black "Tyomkin, Dimitri"]
[Result "0-1"]
[WhiteElo "2505"]
[BlackElo "2465"]
[PlyCount "160"]
[GameId "2129405166266024"]
[EventDate "1998.11.08"]
[EventType "k.o."]
[EventRounds "5"]
[EventCountry "ISR"]
[SourceTitle "CBM 68"]
[Source "ChessBase"]
[SourceDate "1999.02.01"]
[SourceVersion "1"]
[SourceVersionDate "1999.02.01"]
[SourceQuality "1"]

1. e4 c5 2. c3 Qa5 3. Nf3 d6 4. h3 Nf6 5. Bd3 g6 6. O-O Bg7 7. Bc2 O-O 8. d4 Qc7 9. Re1 Nc6 10. Nbd2 cxd4 11. cxd4 e5 12. Nb3 a5 13. a3 a4 14. Nbd2 b5 15. d5 Na5 16. Nf1 Nd7 17. Bd2 Nc5 18. Bxa5 Qxa5 19. Ne3 Bd7 20. Nd2 Rfc8 21. Rc1 Rc7 22. Bb1 Rac8 23. Qe2 Nb3 24. Nxb3 axb3 25. Rxc7 Rxc7 26. Rd1 Bh6 27. Bd3 Bg5 28. Kf1 Bd8 29. Qe1 Qa4 30. Qe2 Rc8 31. Qd2 h5 32. Rc1 Rc5 33. Rd1 Qa7 34. Qe2 Ba5 35. Ra1 Bb6 36. Rb1 Qa4 37. Rd1 Rc7 38. Kg1 Bd4 39. Qd2 Qa7 40. Qe2 Qa5 41. Rb1 Kf8 42. Qd1 Rc5 43. Kf1 Ke7 44. Qe2 Rc8 45. Qd1 Rc5 46. Qe2 Qc7 47. Qd2 Qc8 48. Kg1 f6 49. Kh2 Qc7 50. Nd1 Be8 51. Ne3 Qa7 52. Kg1 Rc8 53. Rc1 Bxe3 54. fxe3 Rxc1+ 55. Qxc1 Qc5 56. Qd2 Bd7 57. Kf2 f5 58. Ke2 fxe4 59. Bxe4 Bf5 60. Bxf5 gxf5 61. Qd3 Qc1 62. Qxb3 Qg1 63. Qxb5 Qxg2+ 64. Ke1 Qxh3 65. Qb6 Qh1+ 66. Kf2 Qxd5 67. Qc7+ Kf6 68. Qd8+ Kg6 69. Qe8+ Qf7 70. Qd8 Qf6 71. Qg8+ Kh6 72. b4 e4 73. Kg3 h4+ 74. Kh3 f4 75. exf4 Qxf4 76. b5 e3 77. b6 e2 78. Qh8+ Kg6 79. Qg8+ Kf6 80. Qf8+ Ke5 0-1

[Event "ISR-Tch"]
[Site "ISR"]
[Date "1998.04.08"]
[Round "9"]
[White "Tyomkin, Dimitri"]
[Black "Malisov, Boris"]
[Result "1-0"]
[WhiteElo "2440"]
[BlackElo "2340"]
[PlyCount "59"]
[GameId "2129405170315135"]
[EventDate "1998.??.??"]
[EventType "team"]
[EventRounds "10"]
[EventCountry "ISR"]
[SourceTitle "CBM 64"]
[Source "ChessBase"]
[SourceDate "1998.06.15"]
[SourceVersion "1"]
[SourceVersionDate "1998.06.02"]
[SourceQuality "1"]

1. d4 c5 2. d5 d6 3. c4 e5 4. Nc3 g6 5. e4 Bh6 6. Bxh6 Nxh6 7. Qd2 Ng4 8. Bd3 O-O 9. f3 Nf6 10. Nge2 Nh5 11. h4 Nd7 12. g4 Nf4 13. Nxf4 exf4 14. Qxf4 Ne5 15. Be2 Bd7 16. Qg3 Qb6 17. O-O-O Qb4 18. f4 Nxc4 19. Bxc4 Qxc4 20. h5 Rae8 21. Qh4 f6 22. hxg6 Re7 23. g5 f5 24. gxh7+ Kh8 25. Qh6 Rg7 26. Qxd6 Re8 27. Rh6 fxe4 28. Rf6 Kxh7 29. Rh1+ Kg8 30. Rfh6 1-0

[Event "Czerniak mem Bikurei Haitim"]
[Site "Tel Aviv ISR"]
[Date "1997.??.??"]
[Round "1"]
[White "Tyomkin, Dimitri"]
[Black "Manor, Ilan"]
[Result "1/2-1/2"]
[WhiteElo "2450"]
[BlackElo "2525"]
[PlyCount "48"]
[GameId "2129405173523622"]
[EventDate "1997.04.04"]
[EventType "tourn"]
[EventRounds "11"]
[EventCountry "ISR"]
[EventCategory "10"]
[SourceTitle "CBM 59"]
[Source "ChessBase"]
[SourceDate "1997.08.01"]
[SourceVersion "1"]
[SourceVersionDate "1997.08.01"]
[SourceQuality "1"]

1. d4 Nf6 2. c4 c5 3. d5 g6 4. Nc3 Bg7 5. e4 O-O 6. Nf3 e6 7. Bd3 exd5 8. exd5 Re8+ 9. Kf1 d6 10. h3 Bd7 11. g4 b5 12. cxb5 a6 13. a4 axb5 14. Bxb5 Na6 15. Kg2 Nc7 16. Bc4 Ne4 17. Nxe4 Rxe4 18. Qc2 Qe8 19. Ng5 Re5 20. Bf4 Nxd5 21. Bxe5 Bc6 22. Bxg7 Ne3+ 23. Kg3 Nxc2 24. Bxf7+ Qxf7 1/2-1/2

[Event "Czerniak mem Bikurei Haitim"]
[Site "Tel Aviv ISR"]
[Date "1997.??.??"]
[Round "2"]
[White "Tyomkin, Dimitri"]
[Black "Summerscale, Aaron"]
[Result "0-1"]
[WhiteElo "2450"]
[BlackElo "2500"]
[PlyCount "82"]
[GameId "2129405173527725"]
[EventDate "1997.04.04"]
[EventType "tourn"]
[EventRounds "11"]
[EventCountry "ISR"]
[EventCategory "10"]
[SourceTitle "CBM 59"]
[Source "ChessBase"]
[SourceDate "1997.08.01"]
[SourceVersion "1"]
[SourceVersionDate "1997.08.01"]
[SourceQuality "1"]

1. d4 d5 2. c4 c6 3. Nf3 Nf6 4. Nc3 dxc4 5. a4 Bf5 6. Ne5 e6 7. g3 Bb4 8. Bg2 Ne4 9. O-O Nxc3 10. bxc3 Bxc3 11. Ba3 Qxd4 12. Nxc4 Qxc4 13. Qd6 Bf6 14. Rfd1 e5 15. Qc7 Nd7 16. Qxb7 Rb8 17. Qxa7 Rd8 18. Qc7 e4 19. Rab1 c5 20. g4 Be6 21. Rbc1 Qxa4 22. Bxc5 Nxc5 23. Rxd8+ Bxd8 24. Qxc5 Be7 25. Qc7 Qd7 26. Bxe4 Qxc7 27. Rxc7 Bxg4 28. Bc6+ Kf8 29. Bd5 g6 30. Ra7 Be6 31. Bxe6 fxe6 32. e3 Kf7 33. Kg2 Rb8 34. Ra4 Rb4 35. Ra8 Rg4+ 36. Kf3 Rg1 37. Rh8 h5 38. Rh7+ Kf6 39. h3 Bd6 40. Rd7 Be5 41. Ke4 Rh1 0-1